Así crecen los hijos

Guardat en:
Dades bibliogràfiques
Autor principal: Maringgele, Franz J. (autor)
Format: Llibre
Idioma:espanyol
Publicat: Santiago Paulinas 1985
Col·lecció:Colección familia, 3
Matèries:
Etiquetes: Afegir etiqueta
Sense etiquetes, Sigues el primer a etiquetar aquest registre!

MARC

LEADER 00000nam a2200000 a 4500
001 UCW3719
003 CL-VaPUC
008 881220e19850000CL |||||||||||||||||spa|d
082 0 4 |a 173  |b MAR  |2 21 
100 |a Maringgele, Franz J.  |e autor  |9 308063 
245 1 0 |a Así crecen los hijos 
300 |a 77 p 
942 |c BK 
945 |d 19881220 00:00:00 
260 |a Santiago  |b Paulinas  |c 1985 
650 0 |a Desarrollo infantil  |9 308064 
650 7 |a LACTANTES CRECIMIENTO Y DESARROLLO  |2 CL-VaPUC  |9 308065 
650 7 |a OBRAS DE DIVULGACION  |2 CL-VaPUC  |9 267840 
650 7 |a LACTANTES CUIDADO E HIGIENE  |2 CL-VaPUC  |9 308066 
583 |a last modification  |c 19881220 00:00:00  |k Rodrigo Vera 
490 0 |a Colección familia, 3 
999 |c 217626  |d 217624 
952 |0 0  |1 0  |4 0  |6 173_000000000000000_MAR_1985  |7 0  |8 A  |9 205575  |a BIBEDU  |b BIBEDU  |d 2019-11-15  |i 2735423  |o 173 MAR 1985  |p 2735423  |r 2019-11-15  |w 2019-11-15  |y BK  |k EDU 
952 |0 0  |1 0  |4 0  |6 173_000000000000000_MAR_1985  |7 0  |8 A  |9 205576  |a BIBEDU  |b BIBEDU  |d 2019-11-15  |i 2735431  |o 173 MAR 1985  |p 2735431  |r 2019-11-15  |w 2019-11-15  |y BK  |k EDU